SHL Logos - Statistics

General Stats
  • This quiz has been taken 353 times
  • The average score is 11 of 14
Answer Stats
Picture Answer % Correct
HV71
97%
Färjestad BK
96%
Frölunda HC
92%
Malmö Redhawks
86%
Luleå Hockey
85%
Modo Hockey
85%
Rögle BK
85%
Örebro Hockey
84%
Linköping HC
83%
Skellefteå AIK
83%
Växjö Lakers
75%
IK Oskarshamn
71%
Leksands IF
66%
Timrå IK
43%
No matching quizzes found
Score Distribution
Percent of People with Each Score
Percentile by Number Answered
Your Score History
You have not taken this quiz